Indian ocean imaginings: people time and space (Record no. 1229483)

MARC details
000 -LEADER
fixed length control field 00635nam a2200217Ia 4500
005 - DATE AND TIME OF LATEST TRANSACTION
control field 20241129111228.0
008 - FIXED-LENGTH DATA ELEMENTS--GENERAL INFORMATION
fixed length control field 241129s9999||||xx |||||||||||||| ||und||
020 ## - INTERNATIONAL STANDARD BOOK NUMBER
International Standard Book Number 978-1-66692-216-5
037 ## - SOURCE OF ACQUISITION
Stock number TB
040 ## - CATALOGING SOURCE
Original cataloging agency CRL
Language of cataloging eng
Transcribing agency CRL
041 ## - LANGUAGE CODE
Language code of text/sound track or separate title eng
Source of code eng
084 ## - COLON CLASSIFICATION NUMBER
Classification number V95 R3
Assigning agency CRL
100 ## - MAIN ENTRY--PERSONAL NAME
Personal name Esler Joshua Ed.; Fielding Mark Ed.
9 (RLIN) 723735
245 #0 - TITLE STATEMENT
Title Indian ocean imaginings: people time and space
Statement of responsibility, etc. Esler Joshua Ed.; Fielding Mark Ed.
260 ## - PUBLICATION, DISTRIBUTION, ETC.
Place of publication, distribution, etc. Lanham, Maryland
Name of publisher, distributor, etc. Lanham Lexington
Date of publication, distribution, etc. 2023
300 ## - PHYSICAL DESCRIPTION
Extent vi,267p.
365 ## - TRADE PRICE
Price type code UKP
Price amount 85
650 ## - SUBJECT ADDED ENTRY--TOPICAL TERM
Topical term or geographic name entry element History
942 ## - ADDED ENTRY ELEMENTS (KOHA)
Koha item type Textbook
Classification part V95 R3
Holdings
Withdrawn status Lost status Damaged status Not for loan Home library Current library Date acquired Source of acquisition Cost, normal purchase price Inventory number Total Checkouts Full call number Barcode Date last seen Price effective from Koha item type
        Central Library Central Library 2024-11-29 Eastern Book Linkers 85.00 208 & 15/12/2023   V95 R3 CL1680284 2024-11-29 2024-11-29 Textbook
Copyright @ Delhi University Library System